[Event "Open "A""]
[Site "Schwarzach"]
[Date "1998.08.29"]
[Round "8.4"]
[White "Balinov, Ilia"]
[Black "Klovan, Janis"]
[Result "0-1"]
[WhiteElo "2450"]
[BlackElo "2465"]
[PlyCount "97"]
[EventDate "1998.08.30"]

1. e4 e5 2. Nf3 Nc6 3. d4 exd4 4. Nxd4 Bc5 5. Nxc6 Qf6 6. Qd2 dxc6 7. Nc3 Be6
8. Na4 Rd8 9. Bd3 Bd6 10. Qg5 Qxg5 11. Bxg5 f6 12. Be3 b6 13. f3 Ne7 14. Kf2
O-O 15. Nc3 Ng6 16. Ne2 c5 17. b3 Ne5 18. Nf4 Nxd3+ 19. Nxd3 c4 20. Nf4 Bf7 21.
Nd5 f5 22. Bg5 Rd7 23. Nc3 h6 24. Bd2 Be5 25. Ke2 Rxd2+ 26. Kxd2 Rd8+ 27. Nd5
Bxa1 28. Rxa1 fxe4 29. bxc4 exf3 30. Kc3 Bxd5 31. cxd5 fxg2 32. Rg1 Rxd5 33.
Rxg2 g5 34. Kc4 Rc5+ 35. Kd4 Kg7 36. c4 Kg6 37. Re2 g4 38. Re8 Kg5 39. a4 Kh4
40. Re7 a5 41. Re3 h5 42. Rb3 Rg5 43. Rg3 Rf5 44. Re3 Rf2 45. Re7 c5+ 46. Kd5
Rxh2 47. Re6 Rb2 48. Re1 g3 49. Ke4 0-1

[Event "Open "A""]
[Site "Schwarzach"]
[Date "1998.08.29"]
[Round "8.5"]
[White "Loeffler, Markus"]
[Black "Piven, Igor"]
[Result "1-0"]
[WhiteElo "2365"]
[BlackElo "2380"]
[PlyCount "65"]
[EventDate "1998.08.30"]

1. e4 g6 2. d4 Bg7 3. Nc3 d6 4. Bg5 c6 5. Qd2 b5 6. f4 Nf6 7. Bd3 O-O 8. Nf3
Qb6 9. f5 e5 10. dxe5 dxe5 11. O-O-O Nbd7 12. fxg6 hxg6 13. Kb1 c5 14. Nxb5 Ba6
15. c4 Rab8 16. h4 Rfc8 17. Nc3 Qb4 18. Ka1 Bxc4 19. Bxc4 Qxc4 20. h5 Nb6 21.
hxg6 fxg6 22. Bh6 Qf7 23. Bxg7 Qxg7 24. Qd6 Nc4 25. Qe6+ Qf7 26. Rh8+ Kg7 27.
Rh7+ Nxh7 28. Rd7 Qxd7 29. Qxd7+ Kh8 30. Qf7 Nxb2 31. Nxe5 Nf8 32. Nd5 Rd8 33.
Nc6 1-0

[Event "Open "A""]
[Site "Schwarzach"]
[Date "1998.08.29"]
[Round "8.6"]
[White "Polak, Thomas"]
[Black "Sofrigin, Alexej"]
[Result "1/2-1/2"]
[WhiteElo "2525"]
[BlackElo "2320"]
[PlyCount "78"]
[EventDate "1998.08.30"]

1. d4 Nf6 2. c4 e6 3. Nf3 b6 4. g3 Ba6 5. b3 b5 6. cxb5 Bxb5 7. Bg2 d5 8. O-O
Nbd7 9. Nc3 Ba6 10. Bb2 Be7 11. Rc1 Rc8 12. Na4 O-O 13. Nc5 Nxc5 14. dxc5 c6
15. b4 Nd7 16. Nd4 Bf6 17. f4 Bc4 18. Nxc6 Rxc6 19. Bxf6 Bxe2 20. Bxd8 Bxd1 21.
Be7 Re8 22. Bd6 Ba4 23. f5 Nf6 24. fxe6 fxe6 25. Rce1 Bb5 26. Rf4 Ra6 27. Rf2
Bc4 28. Bh3 Kf7 29. Bg4 Rxa2 30. Rxa2 Bxa2 31. Ra1 Bc4 32. Rxa7+ Kg6 33. Bd1
Ne4 34. Be5 Rf8 35. Rxg7+ Kh6 36. Bg4 Rf1+ 37. Kg2 Rf2+ 38. Kg1 Rf1+ 39. Kg2
Rf2+ 1/2-1/2

[Event "Open "A""]
[Site "Schwarzach"]
[Date "1998.08.29"]
[Round "8.7"]
[White "Hengl, Christian"]
[Black "Stanec, Nikolaus"]
[Result "0-1"]
[WhiteElo "2180"]
[BlackElo "2495"]
[PlyCount "52"]
[EventDate "1998.08.30"]

1. e4 c5 2. Nc3 Nc6 3. g3 g6 4. Bg2 Bg7 5. d3 d6 6. Nge2 Bd7 7. O-O Rc8 8. Nd5
e6 9. Ne3 Nge7 10. c3 O-O 11. f4 f5 12. Bd2 b5 13. exf5 gxf5 14. Be1 d5 15. d4
cxd4 16. Nxd4 Nxd4 17. cxd4 Nc6 18. Nc2 Qb6 19. Bf2 Rc7 20. Qd2 Rd8 21. Rfd1
Be8 22. Bf3 Bf7 23. Be2 Na5 24. Ne3 Nb7 25. Kf1 Nd6 26. Bf3 b4 0-1

[Event "Open "A""]
[Site "Schwarzach"]
[Date "1998.08.29"]
[Round "8.9"]
[White "Hecht, Hans-Joachim"]
[Black "Voigt, Ulrich"]
[Result "1-0"]
[WhiteElo "2405"]
[BlackElo "2280"]
[PlyCount "65"]
[EventDate "1998.08.30"]

1. d4 Nf6 2. Nf3 g6 3. c4 Bg7 4. Nc3 O-O 5. e4 d6 6. Be2 e5 7. O-O Nc6 8. d5
Ne7 9. Nd2 a5 10. a3 h6 11. Rb1 Nh7 12. b4 b6 13. c5 axb4 14. axb4 bxc5 15.
bxc5 f5 16. f3 f4 17. Nc4 Ba6 18. c6 g5 19. Bd2 h5 20. Nb5 Rb8 21. Qa4 Bxb5 22.
Rxb5 Rxb5 23. Qxb5 Ng6 24. Qb7 Rf7 25. Ra1 Bf8 26. Ra8 Qf6 27. Qc8 Nh4 28. Qe6
Qg7 29. Nxd6 cxd6 30. Ra7 Ng6 31. Ba5 g4 32. Rxf7 Qxf7 33. Bd8 1-0

[Event "Open "A""]
[Site "Schwarzach"]
[Date "1998.08.29"]
[Round "8.11"]
[White "Neckar, Lubomir"]
[Black "Ljubic, Juro"]
[Result "0-1"]
[WhiteElo "2345"]
[BlackElo "2220"]
[PlyCount "121"]
[EventDate "1998.08.30"]

1. Nf3 Nf6 2. c4 c5 3. g3 b6 4. Bg2 Bb7 5. O-O e6 6. Nc3 Be7 7. d4 cxd4 8. Qxd4
O-O 9. Rd1 d6 10. b3 a6 11. Ba3 Nc6 12. Qf4 d5 13. Bxe7 Nxe7 14. Ne5 Qb8 15.
cxd5 Nexd5 16. Nxd5 exd5 17. e3 Re8 18. Nd3 Qd8 19. Rac1 Re7 20. Nb4 b5 21. Nc6
Bxc6 22. Rxc6 Qa5 23. Rxf6 gxf6 24. Bxd5 Rd8 25. Qxf6 Re6 26. Qf5 Qc7 27. Rd4
Red6 28. Qg5+ Kh8 29. Qe5+ f6 30. Qf5 Qd7 31. Be6 Qe7 32. Re4 Rf8 33. b4 Qb7
34. h3 Qc6 35. Bb3 Rfd8 36. Kh2 Re8 37. Rh4 Qd7 38. Qxd7 Rxd7 39. Kg2 Rd2 40.
Rf4 Rd6 41. g4 Kg7 42. h4 h6 43. Kg3 Rc8 44. Re4 Kf8 45. Rf4 Rc1 46. Rf5 Kg7
47. g5 hxg5 48. hxg5 fxg5 49. Rxg5+ Rg6 50. Rxg6+ Kxg6 51. Kf4 Kf6 52. Ke4 Re1
53. f4 Re2 54. Kd4 Kf5 55. Kd3 Rb2 56. Kc3 Rh2 57. Bc2+ Ke6 58. Bb3+ Kf6 59.
Kd4 Kf5 60. Bd5 Rd2+ 61. Kc5 0-1

[Event "Open "A""]
[Site "Schwarzach"]
[Date "1998.08.29"]
[Round "8.12"]
[White "Kjeld, Matthias"]
[Black "Brumen, Dinko"]
[Result "1/2-1/2"]
[WhiteElo "2110"]
[BlackElo "2355"]
[PlyCount "49"]
[EventDate "1998.08.30"]

1. d4 d5 2. c4 e6 3. Nc3 Nf6 4. Bg5 Nbd7 5. e3 c6 6. Bd3 Qa5 7. Bh4 Bb4 8. Nge2
dxc4 9. Bxc4 O-O 10. O-O e5 11. Qc2 exd4 12. exd4 Qh5 13. Bg3 Nb6 14. Bd3 Nbd5
15. Be5 Be6 16. h3 Rad8 17. Bxf6 gxf6 18. Nxd5 Bxd5 19. Ng3 Qh6 20. f4 Rfe8 21.
Nf5 Qf8 22. Qf2 Be6 23. Qg3+ Kh8 24. Qh4 Bxf5 25. Bxf5 1/2-1/2

[Event "Open "A""]
[Site "Schwarzach"]
[Date "1998.08.29"]
[Round "8.13"]
[White "Hresc, Vladimir"]
[Black "Bernasek, Jan"]
[Result "1-0"]
[WhiteElo "2425"]
[BlackElo "2170"]
[PlyCount "66"]
[EventDate "1998.08.30"]

1. e4 c5 2. c3 Nf6 3. Bd3 Qc7 4. Nf3 d6 5. Bc2 c4 6. h3 g6 7. O-O Bg7 8. Qe2 a6
9. a4 O-O 10. Na3 Nh5 11. Qxc4 Qd7 12. d4 e5 13. dxe5 dxe5 14. Rd1 Qe7 15. Bg5
Bf6 16. Be3 Be6 17. Qc5 Nc6 18. Qxe7 Bxe7 19. Ng5 Bxg5 20. Bxg5 f6 21. Be3 Rfd8
22. Bb6 Rxd1+ 23. Rxd1 Kf7 24. Bd3 Ng7 25. Bc4 Re8 26. f3 g5 27. Kf2 Re7 28. b4
Bxc4 29. Nxc4 Ne6 30. Nd6+ Kf8 31. Nf5 Rf7 32. b5 axb5 33. axb5 Nb8 1-0

[Event "Open "A""]
[Site "Schwarzach"]
[Date "1998.08.29"]
[Round "8.14"]
[White "Lazovic, Gordan"]
[Black "Navratil, Robert"]
[Result "1-0"]
[WhiteElo "2315"]
[BlackElo "2160"]
[PlyCount "56"]
[EventDate "1998.08.30"]

1. e4 c5 2. c3 d5 3. exd5 Qxd5 4. d4 Nf6 5. Nf3 Bg4 6. Qa4+ Nc6 7. Bc4 Qe4+ 8.
Be3 Bxf3 9. Nd2 Qg4 10. Nxf3 O-O-O 11. O-O-O e6 12. Ng5 cxd4 13. cxd4 Rd7 14.
Bb5 h6 15. Bxc6 bxc6 16. Nf3 Bd6 17. Ne5 Bxe5 18. Qa6+ Kd8 19. dxe5 Nd5 20.
Bxa7 Qf4+ 21. Be3 Qxe5 22. Qa8+ Ke7 23. Bc5+ Kf6 24. Qxh8 Qf4+ 25. Kb1 Ra7 26.
Bd4+ e5 27. Qc8 Qe4+ 28. Ka1 Nb4 1-0

[Event "Open "A""]
[Site "Schwarzach"]
[Date "1998.08.29"]
[Round "8.15"]
[White "Kniest, Oliver"]
[Black "Altukhov, Sergei"]
[Result "0-1"]
[WhiteElo "2300"]
[BlackElo "2305"]
[PlyCount "76"]
[EventDate "1998.08.30"]

1. d4 Nf6 2. c4 e6 3. Nc3 d5 4. cxd5 Nxd5 5. e4 Nxc3 6. bxc3 c5 7. a3 Qa5 8.
Bd2 Be7 9. Nf3 O-O 10. Bd3 Qc7 11. O-O Nc6 12. e5 f5 13. exf6 Bxf6 14. Ng5 g6
15. Bc4 cxd4 16. cxd4 Nxd4 17. Rc1 Qd8 18. Ne4 Bg7 19. Bg5 Qa5 20. Be7 Rf4 21.
Nd6 Bd7 22. Nxb7 Qb6 23. Nc5 Bc8 24. Nd3 Rf5 25. Bc5 Qd8 26. Qe1 Nf3+ 27. gxf3
Qg5+ 28. Kh1 Bb7 29. Qxe6+ Kh8 30. Ne1 Qxc1 31. Ng2 Qg5 32. Be7 Qh5 33. Be2 Bd5
34. Qd7 Bxf3 35. Bxf3 Qxf3 36. Rc1 h5 37. Bh4 Rd5 38. Qa4 Rd4 0-1

[Event "Open "A""]
[Site "Schwarzach"]
[Date "1998.08.29"]
[Round "8.18"]
[White "Stockmann, Rainer"]
[Black "Donegani, Peter"]
[Result "1-0"]
[WhiteElo "2240"]
[BlackElo "2115"]
[PlyCount "71"]
[EventDate "1998.08.30"]

1. d4 Nf6 2. Nc3 d5 3. Bg5 Nbd7 4. f3 h6 5. Bh4 c5 6. e4 cxd4 7. Qxd4 e5 8. Qa4
dxe4 9. O-O-O Bc5 10. Nxe4 Be3+ 11. Kb1 O-O 12. Nxf6+ gxf6 13. Qe4 f5 14. Qxe3
Qxh4 15. Bb5 Qf6 16. Ne2 Nb6 17. Nc3 a6 18. Bd3 Re8 19. g4 e4 20. gxf5 Bxf5 21.
fxe4 Bh7 22. Rhf1 Qe6 23. Rg1+ Kf8 24. Qc5+ Re7 25. Nd5 Na4 26. Qa3 b5 27. Nxe7
Qxe7 28. Qxe7+ Kxe7 29. Rdf1 Bg6 30. e5 Bxd3 31. cxd3 Rd8 32. b3 Nc3+ 33. Kb2
Ne2 34. Rg2 Nd4 35. Rf6 b4 36. Rf4 1-0

[Event "Open "A""]
[Site "Schwarzach"]
[Date "1998.08.29"]
[Round "8.20"]
[White "Voigt, Roland"]
[Black "Scholz, Franz-Peter"]
[Result "1/2-1/2"]
[WhiteElo "2095"]
[BlackElo "2200"]
[PlyCount "28"]
[EventDate "1998.08.30"]

1. e4 d6 2. d4 Nf6 3. Nc3 g6 4. f4 Bg7 5. Nf3 c5 6. dxc5 Qa5 7. Bd3 Qxc5 8. Qe2
Nc6 9. Be3 Qb4 10. O-O O-O 11. a3 Qa5 12. h3 Nh5 13. Qf2 e5 14. f5 Nf4 1/2-1/2

[Event "Open "A""]
[Site "Schwarzach"]
[Date "1998.08.30"]
[Round "9.2"]
[White "Burmakin, Vladimir"]
[Black "Zoler, Dan"]
[Result "1/2-1/2"]
[WhiteElo "2560"]
[BlackElo "2500"]
[PlyCount "98"]
[EventDate "1998.08.30"]

1. d4 Nf6 2. Nf3 b6 3. c4 e6 4. Nc3 Bb7 5. Bg5 Bb4 6. Qb3 a5 7. a3 a4 8. Qc2
Bxc3+ 9. Qxc3 h6 10. Bh4 d6 11. Nd2 Nbd7 12. e3 Qe7 13. f3 c5 14. Bd3 O-O 15.
O-O Rfc8 16. b4 axb3 17. Qxb3 d5 18. Rfc1 cxd4 19. exd4 dxc4 20. Nxc4 Bd5 21.
Qb2 Bxc4 22. Rxc4 Rxc4 23. Bxc4 Qd6 24. Bg3 Qc6 25. Bb5 Qb7 26. Qb4 Rc8 27. Qd6
Rc2 28. h3 Nf8 29. Be5 Nd5 30. Ba4 Rc3 31. Bb5 Rc2 32. Ba4 Rc3 33. Bb5 Rc2 34.
Bd3 Rc6 35. Qb8 Qxb8 36. Bxb8 Nd7 37. Bg3 Rc3 38. Bb5 N7f6 39. Be1 Rc7 40. g3
Kf8 41. Bd3 Ke7 42. Rb1 Ra7 43. Rb3 Ra4 44. Bf2 Ne8 45. Bb5 Ra7 46. Bc4 Nd6 47.
Bxd5 exd5 48. Be1 Nc4 49. Bb4+ Kf6 1/2-1/2

[Event "Open "A""]
[Site "Schwarzach"]
[Date "1998.08.30"]
[Round "9.8"]
[White "Lazovic, Gordan"]
[Black "Balinov, Ilia"]
[Result "1/2-1/2"]
[WhiteElo "2315"]
[BlackElo "2435"]
[PlyCount "95"]
[EventDate "1998.08.30"]

1. e4 c5 2. c3 Nf6 3. e5 Nd5 4. d4 cxd4 5. Nf3 e6 6. cxd4 b6 7. Nc3 Nxc3 8.
bxc3 Qc7 9. Bd2 Bb7 10. Bd3 d6 11. O-O Nd7 12. Ng5 dxe5 13. Qh5 g6 14. Qh3 Be7
15. Rfe1 Bxg5 16. Bxg5 f5 17. dxe5 h6 18. Bb5 Kf7 19. Be3 Nc5 20. Rad1 Rad8 21.
Qh4 Qe7 22. Qxe7+ Kxe7 23. Rxd8 Rxd8 24. Bxh6 Kf7 25. Bg5 Rd5 26. Bc4 Rd7 27.
Bb5 Rd5 28. Bc4 Rd7 29. Bb5 Rc7 30. Rd1 Bd5 31. c4 Bb7 32. Rd8 Bc6 33. Rh8 Rd7
34. Rh7+ Kg8 35. Rxd7 Bxd7 36. Be3 Bxb5 37. cxb5 Nd3 38. f4 Nb4 39. a4 Nd5 40.
Bd2 Ne7 41. Kf2 Nd5 42. h3 Kf7 43. g4 Kg7 44. Kf3 Kh6 45. Ke2 Kg7 46. Kd3 Kf7
47. Kc4 Ke7 48. Kd3 1/2-1/2

[Event "Open "A""]
[Site "Schwarzach"]
[Date "1998.08.30"]
[Round "9.9"]
[White "Sofrigin, Alexej"]
[Black "Hresc, Vladimir"]
[Result "0-1"]
[WhiteElo "2300"]
[BlackElo "2414"]
[PlyCount "94"]
[EventDate "1998.08.30"]

1. Nf3 Nf6 2. g3 d5 3. Bg2 c6 4. b3 Bg4 5. Bb2 Nbd7 6. d3 e6 7. Nbd2 Bc5 8. O-O
O-O 9. e4 dxe4 10. dxe4 e5 11. Qe1 Re8 12. Nc4 Qc7 13. Ne3 Bh5 14. Nh4 Ng4 15.
Nhf5 Nxe3 16. Nxe3 b5 17. a4 a6 18. Kh1 f6 19. Nf5 Rad8 20. f3 Bf7 21. Bc3 Be6
22. Ba5 Bb6 23. Bxb6 Nxb6 24. axb5 axb5 25. Ne3 Rd4 26. f4 Red8 27. Rd1 c5 28.
Qe2 c4 29. Nd5 Nxd5 30. Rxd4 exd4 31. exd5 Bf7 32. Rd1 Qc5 33. b4 Qxb4 34. Rxd4
Re8 35. Qf2 Qe1+ 36. Qg1 Qc3 37. Rd1 Bh5 38. Rc1 Qd2 39. c3 h6 40. h3 f5 41.
Qf1 Kh7 42. Qg1 Re2 43. Rd1 Qxc3 44. g4 fxg4 45. hxg4 Bxg4 46. d6 Rxg2 47. Kxg2
Qf3+ 0-1

[Event "Open "A""]
[Site "Schwarzach"]
[Date "1998.08.30"]
[Round "9.10"]
[White "Piven, Igor"]
[Black "Kjeld, Matthias"]
[Result "1-0"]
[WhiteElo "2386"]
[BlackElo "2110"]
[PlyCount "113"]
[EventDate "1998.08.30"]

1. Nf3 Nf6 2. c4 d6 3. d4 Bg4 4. Nc3 Nbd7 5. g3 Bxf3 6. exf3 g6 7. Bg2 Bg7 8.
O-O c6 9. Be3 O-O 10. f4 Nb6 11. b3 d5 12. c5 Nc8 13. b4 e6 14. h3 Ne7 15. Qd3
b5 16. a4 a6 17. Ra2 Qd7 18. Rfa1 Qb7 19. g4 Rfd8 20. Ne2 Ne8 21. Ng3 f5 22.
Nf1 Nc7 23. Nd2 Rdb8 24. Nf3 Qc8 25. Ne5 Qe8 26. Qd2 Kh8 27. Bf1 Kg8 28. Bd3
Kh8 29. f3 Kg8 30. Bf2 Bf6 31. Qe1 Rd8 32. Bh4 Qf8 33. Kg2 Bxh4 34. Qxh4 Kg7
35. axb5 cxb5 36. gxf5 Nxf5 37. Bxf5 exf5 38. Qg3 Qf6 39. h4 Ne6 40. Rd1 Nc7
41. Kf2 Re8 42. h5 Re6 43. Ke3 Rh8 44. Rh1 Kf8 45. Kd3 Ke7 46. hxg6 h6 47. Rah2
Ne8 48. Rxh6 Rg8 49. Rh7+ Ng7 50. Qh4 Qxh4 51. R7xh4 a5 52. bxa5 Ra8 53. Rh8
Rxh8 54. Rxh8 Ra6 55. Rb8 Ne6 56. Ke3 Kf6 57. Rb7 1-0

[Event "Open "A""]
[Site "Schwarzach"]
[Date "1998.08.30"]
[Round "9.15"]
[White "Voigt, Ulrich"]
[Black "Hengl, Christian"]
[Result "1-0"]
[WhiteElo "2280"]
[BlackElo "2180"]
[PlyCount "80"]
[EventDate "1998.08.30"]

1. Nf3 e6 2. g3 f5 3. Bg2 Nf6 4. O-O d5 5. d3 Be7 6. Nbd2 O-O 7. c3 c5 8. e4
Nc6 9. Qc2 Bd7 10. Re1 f4 11. Nf1 dxe4 12. dxe4 Nh5 13. e5 g5 14. g4 Ng7 15. b3
Qc7 16. Ba3 Be8 17. Rad1 Bg6 18. Qc1 Rad8 19. N1d2 Rd5 20. Nc4 b5 21. Nd6 Nxe5
22. Rxd5 exd5 23. Nxb5 Nxf3+ 24. Bxf3 Qd7 25. Qd1 Bf7 26. c4 Kh8 27. Bxd5 Bxd5
28. Re5 f3 29. h3 Rf4 30. Qxd5 Rxg4+ 31. hxg4 Qxg4+ 32. Kf1 Qg2+ 33. Ke1 Qg1+
34. Kd2 Qxf2+ 35. Kd1 Nf5 36. Rxf5 Qe2+ 37. Kc1 Qe1+ 38. Qd1 Qe3+ 39. Qd2 Qxd2+
40. Kxd2 g4 1-0

[Event "Open "A""]
[Site "Schwarzach"]
[Date "1998.08.30"]
[Round "9.16"]
[White "Widmann, Volker"]
[Black "Stockmann, Rainer"]
[Result "1-0"]
[WhiteElo "2011"]
[BlackElo "2240"]
[PlyCount "127"]
[EventDate "1998.08.30"]

1. e4 Nc6 2. Nc3 Nf6 3. Bc4 Nxe4 4. Bxf7+ Kxf7 5. Nxe4 e5 6. Qf3+ Ke8 7. d4 d6
8. dxe5 Nxe5 9. Qe2 Be7 10. Bf4 Bg4 11. f3 Be6 12. Bxe5 dxe5 13. Qb5+ Kf7 14.
Qxe5 Re8 15. Rd1 Qc8 16. Ne2 Kg8 17. O-O Bc4 18. Rf2 Bh4 19. Qc5 Bxf2+ 20. Kxf2
Bxe2 21. Kxe2 Rxe4+ 22. fxe4 Qg4+ 23. Ke1 Qxg2 24. Qd5+ Kf8 25. Qf5+ Kg8 26.
Qd5+ Kf8 27. Qf5+ Kg8 28. Qe6+ Kh8 29. Qe7 h6 30. h4 Qg3+ 31. Kd2 Qf4+ 32. Kc3
Rf8 33. Rd8 Rxd8 34. Qxd8+ Kh7 35. Qe7 Qd6 36. Qe8 Qg6 37. Qe5 Qd6 38. Qf5+ Qg6
39. h5 Qxf5 40. exf5 Kg8 41. Kd4 Kf7 42. Ke5 b5 43. a3 a5 44. b3 b4 45. a4 c6
46. Kd4 Kf6 47. c4 Kxf5 48. Kc5 g5 49. hxg6 Kxg6 50. Kxc6 h5 51. c5 h4 52. Kb6
h3 53. c6 h2 54. c7 h1=Q 55. c8=Q Qg1+ 56. Kxa5 Kf7 57. Qc4+ Ke8 58. Kxb4 Kd7
59. Qd5+ Ke8 60. a5 Qe1+ 61. Kb5 Qe2+ 62. Kb6 Qe3+ 63. Ka6 Qe2+ 64. Qb5+ 1-0

[Event "Open "A""]
[Site "Schwarzach"]
[Date "1998.08.30"]
[Round "9.17"]
[White "Gamer, Torsten"]
[Black "Vettel, Matthias"]
[Result "0-1"]
[WhiteElo "2049"]
[BlackElo "2225"]
[PlyCount "94"]
[EventDate "1998.08.30"]

1. e4 e6 2. d4 d5 3. Nc3 Nf6 4. Bg5 dxe4 5. Nxe4 Be7 6. Bxf6 gxf6 7. Nf3 b6 8.
Bb5+ c6 9. Bd3 Bb7 10. Qd2 Nd7 11. Qh6 Qc7 12. Qg7 Rf8 13. Qxh7 O-O-O 14. Qh5
Rg8 15. Ng3 Qd6 16. O-O-O f5 17. Qh6 Nf6 18. Qd2 f4 19. Ne4 Nxe4 20. Bxe4 f5
21. Bd3 Rxg2 22. Qe2 c5 23. dxc5 Qxc5 24. Qxe6+ Kb8 25. Qe5+ Bd6 26. Qxc5 Bxc5
27. Ne5 Rd5 28. Nc4 Rxf2 29. h4 Rxd3 30. cxd3 Bxh1 31. Rxh1 Bd4 32. a4 f3 33.
h5 Rg2 34. h6 f2 35. Rf1 Rg1 36. Nd2 Rg6 37. Nf3 Be3+ 38. Kc2 Rxh6 39. d4 Rg6
40. Kd3 Rg1 41. Ke2 Kc7 42. Nh4 f4 43. Nf5 Kc6 44. Ne7+ Kd6 45. Nc8+ Kd5 46.
Nxa7 Ke4 47. Rxf2 f3+ 0-1

[Event "Open "A""]
[Site "Schwarzach"]
[Date "1998.08.30"]
[Round "9.20"]
[White "Bernasek, Jan"]
[Black "Voigt, Roland"]
[Result "0-1"]
[WhiteElo "2170"]
[BlackElo "2095"]
[PlyCount "86"]
[EventDate "1998.08.30"]

1. e4 c5 2. d4 cxd4 3. c3 dxc3 4. Nxc3 Nc6 5. Nf3 d6 6. Bc4 Nf6 7. O-O a6 8. a4
e6 9. Bg5 Be7 10. Qe2 h6 11. Bh4 g5 12. Bg3 Nh5 13. Rad1 Nxg3 14. fxg3 Qb6+ 15.
Kh1 g4 16. Nd2 Ne5 17. a5 Qb4 18. Bd3 Bd7 19. Nc4 Nxc4 20. Bxc4 Rc8 21. Ba2
Qxa5 22. Qf2 Rf8 23. Bb1 Qe5 24. Rde1 Bc6 25. Ba2 Bb5 26. Nxb5 Qxb5 27. Qd4 h5
28. Rc1 Rxc1 29. Rxc1 Kd7 30. Bc4 Qc5 31. Qd1 Qb6 32. Qc2 Rd8 33. Qa4+ Kc7 34.
Bxe6+ Kb8 35. Bxf7 h4 36. gxh4 Bxh4 37. Bd5 Bg3 38. Qa3 Be5 39. Qd3 Rh8 40. g3
Qxb2 41. Rc2 Qa1+ 42. Kg2 Bd4 43. Qf1 Rxh2+ 0-1